000 00695nam a2200277Ia 4500
005 20260324112548.0
008 008 260324s9999 xx 000 0 eng d
020 _a9781003457459
037 _aEBOOK
040 _aCRL
040 _beng
040 _cCRL
041 _2eng
041 _aeng
084 _qCRL
100 _aQingxue Shang; Tao Wang; Jichao Li; Mohammad Noori
_91143211
245 0 _aSeismic Resilience Assessment of Hospital Infrastructure
260 _bTaylor and Francis
260 _c2024
365 _a
365 _b200
856 _uhttp://www.taylorfrancis.com/books/9781003457459
942 _cEBOOK
999 _c1732464
_d1732464